<?xml version="1.0" encoding="UTF-8"?>
<record
    xmlns:xsi="http://www.w3.org/2001/XMLSchema-instance"
    xsi:schemaLocation="http://www.loc.gov/MARC21/slim http://www.loc.gov/standards/marcxml/schema/MARC21slim.xsd"
    xmlns="http://www.loc.gov/MARC21/slim">

  <leader>02788cam a2200313   4500500</leader>
  <controlfield tag="005">20260329005227.0</controlfield>
  <datafield tag="041" ind1=" " ind2=" ">
    <subfield code="a">fre</subfield>
  </datafield>
  <datafield tag="042" ind1=" " ind2=" ">
    <subfield code="a">dc</subfield>
  </datafield>
  <datafield tag="100" ind1="1" ind2="0">
    <subfield code="a">Gaillard, Robin</subfield>
    <subfield code="e">author</subfield>
  </datafield>
  <datafield tag="245" ind1="0" ind2="0">
    <subfield code="a">Exploration et progr&#xE8;s scientifique&#xA0;: les positionnements communicationnels des institutions publiques de la recherche fran&#xE7;aise (2014-2021)</subfield>
  </datafield>
  <datafield tag="260" ind1=" " ind2=" ">
    <subfield code="c">2023.
							</subfield>
  </datafield>
  <datafield tag="500" ind1=" " ind2=" ">
    <subfield code="a">26</subfield>
  </datafield>
  <datafield tag="520" ind1=" " ind2=" ">
    <subfield code="a">Au c&#x153;ur de la Strat&#xE9;gie nationale de recherche (SNR) lanc&#xE9;e en 2014, les discours sur l&#x2019;exploration apparaissent comme une ressource symbolique importante pour la l&#xE9;gitimation des politiques publiques de la recherche. L&#x2019;objectif de cette contribution est d&#x2019;analyser les strat&#xE9;gies de communication des institutions au regard des enjeux id&#xE9;ologiques entourant la notion d&#x2019;exploration. En analysant dans un premier temps quatre communications produites au moment de la mise en place de la SNR et du quatri&#xE8;me Programme d&#x2019;investissements d&#x2019;avenir, nous cherchons &#xE0; d&#xE9;gager ce qui, dans la communication publique, se rapporte &#xE0; un r&#xE9;f&#xE9;rentiel de l&#x2019;exploration. Puis, il s&#x2019;agira de dresser une cartographie des acteurs institutionnels en fonction de leur positionnement communicationnel vis-&#xE0;-vis de l&#x2019;exploration, en mettant en &#xE9;vidence que ceux-ci s&#x2019;appuient sur une r&#xE9;actualisation de l&#x2019;id&#xE9;ologie du progr&#xE8;s.</subfield>
  </datafield>
  <datafield tag="520" ind1=" " ind2=" ">
    <subfield code="a">&#x202A;At the heart of the National research strategy (SNR) launched in 2014 in France, speeches on exploration seem to be important symbolic resources for the science public policies legitimation. The aim of this article is to analyze the communication strategies of institutions in view of the ideological concerns surrounding the notion of exploration. First, by analyzing four communications produced at the launch of the SNR and the fourth &#x201C;Programme d&#x2019;investissements d&#x2019;avenir&#x201D;, this contribution intends to highlight what, in the public communication, can be related to a cognitive framework of exploration. Then, it will be about mapping the institutional actors according to their communicative positioning towards exploration, highlighting that they rely on an updated ideology of progress.&#x202A;</subfield>
  </datafield>
  <datafield tag="690" ind1=" " ind2=" ">
    <subfield code="a">communication publique</subfield>
  </datafield>
  <datafield tag="690" ind1=" " ind2=" ">
    <subfield code="a">exploration</subfield>
  </datafield>
  <datafield tag="690" ind1=" " ind2=" ">
    <subfield code="a">institutions</subfield>
  </datafield>
  <datafield tag="690" ind1=" " ind2=" ">
    <subfield code="a">politiques publiques des sciences</subfield>
  </datafield>
  <datafield tag="690" ind1=" " ind2=" ">
    <subfield code="a">positionnement communicationnel</subfield>
  </datafield>
  <datafield tag="690" ind1=" " ind2=" ">
    <subfield code="a">progr&#xE8;s</subfield>
  </datafield>
  <datafield tag="690" ind1=" " ind2=" ">
    <subfield code="a">communicational positioning</subfield>
  </datafield>
  <datafield tag="690" ind1=" " ind2=" ">
    <subfield code="a">exploration</subfield>
  </datafield>
  <datafield tag="690" ind1=" " ind2=" ">
    <subfield code="a">institutions</subfield>
  </datafield>
  <datafield tag="690" ind1=" " ind2=" ">
    <subfield code="a">progress</subfield>
  </datafield>
  <datafield tag="690" ind1=" " ind2=" ">
    <subfield code="a">public communication</subfield>
  </datafield>
  <datafield tag="690" ind1=" " ind2=" ">
    <subfield code="a">science public policies</subfield>
  </datafield>
  <datafield tag="786" ind1="0" ind2=" ">
    <subfield code="n">Questions de communication | 42 | 2 | 2023-03-13 | p. 49-72 | 1633-5961</subfield>
  </datafield>
  <datafield tag="856" ind1="4" ind2="1">
    <subfield code="u">https://shs.cairn.info/revue-questions-de-communication-2022-2-page-49?lang=fr&amp;redirect-ssocas=7080</subfield>
  </datafield>
  <datafield tag="999" ind1=" " ind2=" ">
    <subfield code="c">1841516</subfield>
    <subfield code="d">1841516</subfield>
  </datafield>
</record>
